[Event "Quebec op"]
[Site "Longueuil CAN"]
[Date "2018.07.24"]
[Round "5.1"]
[White "Lesiege, Alexandre"]
[Black "Preotu, Razvan"]
[Result "1/2-1/2"]
[WhiteElo "2517"]
[BlackElo "2495"]
[WhiteFideId "-1"]
[WhiteFideId "-1"]
[PlyCount "89"]
[GameId "2160767738996947"]
[EventDate "2018.07.21"]
[EventType "swiss"]
[EventRounds "9"]
[EventCountry "CAN"]
[WhiteClock "0:13:50"]
[BlackClock "0:52:09"]

1. Nf3 Nf6 2. c4 e6 3. d4 b6 4. g3 Ba6 5. Qc2 Bb7 6. Bg2 c5 7. d5 exd5 8. cxd5 Nxd5 9. O-O Nc6 10. Rd1 Be7 11. Qf5 Nf6 12. e4 g6 13. Qf4 O-O 14. e5 Nh5 15. Qg4 Qb8 16. Nc3 Nd4 17. Nxd4 cxd4 18. Nd5 Bc5 19. b4 Qxe5 20. bxc5 Bxd5 21. Bxd5 Qxd5 22. cxb6 axb6 23. Rxd4 Qe6 24. Bb2 Rfc8 25. Qd1 Rxa2 26. Rxa2 Qxa2 27. Rb4 d5 28. Kg2 Rf8 29. Qd4 f6 30. g4 Ng7 31. Ra4 Qb3 32. Rb4 Qa2 33. Rxb6 Qc4 34. Qxc4 dxc4 35. Bxf6 Rc8 36. Bc3 Rc7 37. Rb8+ Kf7 38. Rh8 h5 39. gxh5 gxh5 40. Rh6 Ne6 41. Kf3 Rd7 42. Rh7+ Ke8 43. Rh8+ Kf7 44. Rh7+ Ke8 45. Rh8+ 1/2-1/2

[Event "Quebec op"]
[Site "Longueuil CAN"]
[Date "2018.07.26"]
[Round "7.4"]
[White "Beaulieu, Eric"]
[Black "Lesiege, Alexandre"]
[Result "0-1"]
[WhiteElo "2129"]
[BlackElo "2517"]
[WhiteFideId "-1"]
[WhiteFideId "-1"]
[PlyCount "96"]
[GameId "2160767908091024"]
[EventDate "2018.07.21"]
[EventType "swiss"]
[EventRounds "9"]
[EventCountry "CAN"]

1. Nf3 c5 2. c4 Nc6 3. Nc3 e5 4. d3 g6 5. g3 Bg7 6. Bg2 Nge7 7. O-O d6 8. Rb1 O-O 9. a3 a5 10. Ne1 Be6 11. Nd5 Rb8 12. Nxe7+ Nxe7 13. a4 Qd7 14. b3 d5 15. Bd2 b6 16. Qc1 dxc4 17. dxc4 Bg4 18. Bf3 Nc6 19. Bc3 Nd4 20. Bxg4 Qxg4 21. Bxd4 exd4 22. Nd3 Rbe8 23. Rb2 g5 24. Rc2 Re6 25. f3 Qh5 26. g4 Qg6 27. Nf2 f5 28. gxf5 Qxf5 29. Qd1 Re3 30. Rd2 Rfe8 31. Ng4 R3e6 32. Kh1 h5 33. Nf2 Rxe2 34. Ne4 Rxd2 35. Nxd2 Re3 36. Ne4 h4 37. Nd2 Qf4 38. Rg1 Rd3 39. Rg2 h3 40. Re2 Qxf3+ 41. Nxf3 Rxd1+ 42. Re1 Rxe1+ 43. Nxe1 g4 44. Nd3 Kf7 45. Nf2 Ke6 46. Nxg4 d3 47. Nf2 d2 48. Nd1 Bd4 0-1

[Event "Quebec op"]
[Site "Longueuil CAN"]
[Date "2018.07.27"]
[Round "8.3"]
[White "Sambuev, Bator"]
[Black "Lesiege, Alexandre"]
[Result "1-0"]
[WhiteElo "2514"]
[BlackElo "2517"]
[WhiteFideId "-1"]
[WhiteFideId "-1"]
[PlyCount "103"]
[GameId "2160767738996957"]
[EventDate "2018.07.21"]
[EventType "swiss"]
[EventRounds "9"]
[EventCountry "CAN"]
[WhiteClock "0:24:57"]
[BlackClock "0:03:58"]

1. Nf3 Nf6 2. c4 e6 3. Nc3 d5 4. d4 Bb4 5. g3 O-O 6. Bg2 dxc4 7. O-O Nc6 8. a3 Be7 9. e4 Na5 10. Be3 Nb3 11. Rb1 c5 12. dxc5 Bxc5 13. Qe2 Bxe3 14. Qxe3 Ng4 15. Qe2 Qd3 16. Qxd3 cxd3 17. Rfd1 b6 18. h3 Nf6 19. e5 Nd5 20. Ng5 Rd8 21. Rxd3 Ba6 22. Rdd1 Bc4 23. Nxd5 exd5 24. e6 fxe6 25. Nxe6 Rd6 26. Nd4 Rad8 27. Nxb3 Bxb3 28. Rd4 Kf7 29. Rc1 Ke6 30. f4 Bc4 31. Rc3 Bb5 32. g4 R8d7 33. Kf2 Kf7 34. a4 Ba6 35. Bf3 Bb7 36. g5 Re7 37. Kg3 g6 38. h4 Rde6 39. Rxd5 Re1 40. Rd1 Bxf3 41. Rxe1 Rxe1 42. Kxf3 Rb1 43. Rc7+ Kg8 44. Rc2 h6 45. Ke4 hxg5 46. hxg5 Kf7 47. Rc7+ Ke6 48. Rc6+ Kf7 49. Ke5 Re1+ 50. Kd5 Rd1+ 51. Kc4 Rb1 52. b4 1-0

[Event "Quebec op"]
[Site "Longueuil CAN"]
[Date "2018.07.28"]
[Round "9.4"]
[White "Lesiege, Alexandre"]
[Black "Cherniaev, Alexander"]
[Result "1/2-1/2"]
[WhiteElo "2517"]
[BlackElo "2421"]
[WhiteFideId "-1"]
[WhiteFideId "-1"]
[PlyCount "40"]
[GameId "2160767908091067"]
[EventDate "2018.07.21"]
[EventType "swiss"]
[EventRounds "9"]
[EventCountry "CAN"]

1. d4 d6 2. Nc3 e5 3. Nf3 Nd7 4. e4 Ngf6 5. Bc4 Be7 6. O-O O-O 7. Re1 a6 8. a4 b6 9. Nd5 Bb7 10. Nxe7+ Qxe7 11. Bg5 exd4 12. Qxd4 Ne5 13. Nxe5 dxe5 14. Qe3 h6 15. Bh4 Rfd8 16. Rad1 g5 17. Bxg5 hxg5 18. Qxg5+ Kf8 19. Qh6+ Kg8 20. Qg5+ Kf8 1/2-1/2

[Event "Laval op"]
[Site "Laval CAN"]
[Date "2018.06.22"]
[Round "1.1"]
[White "Lesiege, Alexandre"]
[Black "Abbas, Talal"]
[Result "1-0"]
[WhiteElo "2522"]
[BlackElo "1914"]
[WhiteFideId "-1"]
[WhiteFideId "-1"]
[PlyCount "57"]
[GameId "2160767908178740"]
[EventDate "2018.06.22"]
[EventType "swiss"]
[EventRounds "5"]
[EventCountry "CAN"]

1. d4 e6 2. Nf3 Nf6 3. c4 Bb4+ 4. Bd2 Qe7 5. g3 O-O 6. Bg2 Bxd2+ 7. Qxd2 d6 8. Nc3 e5 9. O-O Re8 10. dxe5 dxe5 11. Nd5 Nxd5 12. cxd5 Bg4 13. Rac1 Na6 14. e4 Red8 15. Qe3 Rd6 16. Nd2 Rh6 17. h4 Bd7 18. Nc4 b5 19. Na5 Qb4 20. Nb3 c6 21. Rfd1 cxd5 22. Rxd5 Be6 23. Rxe5 Bc4 24. Rg5 Qe7 25. Nd4 Be6 26. Rc6 Nb8 27. Nxe6 fxe6 28. Rc8+ Kf7 29. e5 1-0

[Event "Laval op"]
[Site "Laval CAN"]
[Date "2018.06.23"]
[Round "2"]
[White "Tanaka, Tyler"]
[Black "Lesiege, Alexandre"]
[Result "1/2-1/2"]
[WhiteElo "2038"]
[BlackElo "2522"]
[WhiteFideId "-1"]
[WhiteFideId "-1"]
[PlyCount "71"]
[GameId "2160767908178753"]
[EventDate "2018.06.22"]
[EventType "swiss"]
[EventRounds "5"]
[EventCountry "CAN"]
[SourceTitle "CBM 185 Extra"]
[Source "ChessBase"]
[SourceDate "2018.07.29"]
[SourceVersion "1"]
[SourceVersionDate "2018.07.29"]
[SourceQuality "1"]

1. e4 e5 2. Nf3 Nc6 3. Bb5 Bb4 4. c3 Ba5 5. O-O Nge7 6. d4 exd4 7. cxd4 d5 8. e5 O-O 9. Bg5 h6 10. Bh4 Bg4 11. Bxc6 bxc6 12. h3 Bh5 13. Qd3 Bb6 14. Nbd2 g5 15. Bg3 Bg6 16. Qc3 Nf5 17. Bh2 h5 18. e6 fxe6 19. Qxc6 Qe8 20. Qxe8 Bxe8 21. Nb3 g4 22. hxg4 hxg4 23. Ne5 Nxd4 24. Nxd4 Bxd4 25. Nxg4 Bh5 26. Ne3 c5 27. Rac1 c4 28. Rc2 Rac8 29. Bg3 Bg7 30. Rfc1 Rfd8 31. Rd2 Rc6 32. Rxc4 Rxc4 33. Nxc4 Bh6 34. Ne3 Bg7 35. Nc4 Bh6 36. Ne3 1/2-1/2

[Event "Laval op"]
[Site "Laval CAN"]
[Date "2018.06.23"]
[Round "3.3"]
[White "Lesiege, Alexandre"]
[Black "Nikulich, Oleksandr"]
[Result "1-0"]
[WhiteElo "2522"]
[BlackElo "1982"]
[WhiteFideId "-1"]
[WhiteFideId "-1"]
[PlyCount "79"]
[GameId "2160767908178773"]
[EventDate "2018.06.22"]
[EventType "swiss"]
[EventRounds "5"]
[EventCountry "CAN"]

1. d4 Nf6 2. c4 e6 3. Nf3 d5 4. g3 Bb4+ 5. Bd2 Be7 6. Bg2 O-O 7. O-O Nbd7 8. Qc2 c6 9. Bf4 Nh5 10. Bc1 Nhf6 11. Nbd2 b6 12. e4 dxe4 13. Nxe4 Nxe4 14. Qxe4 Bb7 15. Rd1 Nf6 16. Qe2 Qc8 17. Bf4 Re8 18. Bh3 h6 19. Ne5 Bf8 20. Rac1 Qd8 21. Bg2 Rc8 22. g4 Nd7 23. c5 Nf6 24. Qf3 Re7 25. Bxh6 Nd5 26. Bf4 f6 27. Ng6 Re8 28. Qh3 Nxf4 29. Qh8+ Kf7 30. Nxf4 Ke7 31. Qg8 Kd7 32. d5 exd5 33. Nxd5 cxd5 34. Rxd5+ Bd6 35. Rxd6+ Kc7 36. Qc4 Qe7 37. c6 Ba6 38. Rd7+ Qxd7 39. cxd7+ Bxc4 40. dxc8=Q+ 1-0

[Event "Laval op"]
[Site "Laval CAN"]
[Date "2018.06.24"]
[Round "4.2"]
[White "Duong, Thanh Nha"]
[Black "Lesiege, Alexandre"]
[Result "0-1"]
[WhiteElo "2201"]
[BlackElo "2522"]
[WhiteFideId "-1"]
[WhiteFideId "-1"]
[PlyCount "52"]
[GameId "2160767908178789"]
[EventDate "2018.06.22"]
[EventType "swiss"]
[EventRounds "5"]
[EventCountry "CAN"]

1. e4 e5 2. Nf3 Nc6 3. d4 exd4 4. Bc4 Bc5 5. O-O d6 6. c3 Bg4 7. Qb3 Bxf3 8. Bxf7+ Kf8 9. gxf3 Bb6 10. Be6 Qh4 11. Qd5 Ne5 12. Kg2 Nf6 13. Qxb7 Re8 14. Bc8 Nd3 15. Na3 Nc5 16. Qc6 Rxc8 17. cxd4 Ne6 18. e5 Nxd4 19. Qb7 Re8 20. exf6 gxf6 21. Be3 Rg8+ 22. Kh1 Re5 23. Qc8+ Kf7 24. Qd7+ Re7 25. Qa4 Qh3 26. Qc4+ Re6 0-1

[Event "Laval op"]
[Site "Laval CAN"]
[Date "2018.06.24"]
[Round "5.1"]
[White "Lesiege, Alexandre"]
[Black "Rodrigue-Lemieux, Shawn"]
[Result "1/2-1/2"]
[WhiteElo "2522"]
[BlackElo "2223"]
[WhiteFideId "-1"]
[WhiteFideId "-1"]
[PlyCount "47"]
[GameId "2160767908178804"]
[EventDate "2018.06.22"]
[EventType "swiss"]
[EventRounds "5"]
[EventCountry "CAN"]

1. d4 Nf6 2. c4 e6 3. Nc3 Bb4 4. e3 O-O 5. Bd3 d5 6. Nf3 Nbd7 7. O-O a6 8. a3 Bxc3 9. bxc3 c5 10. cxd5 exd5 11. a4 Re8 12. a5 c4 13. Bb1 Ne4 14. Qc2 Nb8 15. Ne5 f6 16. f3 Ng5 17. h4 fxe5 18. hxg5 g6 19. dxe5 Nc6 20. Rd1 Nxe5 21. Qf2 Qxg5 22. Rxd5 Be6 23. Rd2 Qf6 24. Be4 1/2-1/2

[Event "Trois-Rivieres op"]
[Site "Trois-Rivieres CAN"]
[Date "2018.03.16"]
[Round "1.3"]
[White "Papineau (Granby), Daniel"]
[Black "Lesiege, Alexandre"]
[Result "0-1"]
[WhiteElo "2078"]
[BlackElo "2514"]
[WhiteFideId "-1"]
[WhiteFideId "-1"]
[PlyCount "64"]
[GameId "2160767908241590"]
[EventDate "2018.03.16"]
[EventType "swiss"]
[EventRounds "5"]
[EventCountry "CAN"]

1. d4 d5 2. c4 e6 3. Nc3 Nf6 4. cxd5 exd5 5. Bg5 c6 6. Qc2 Be7 7. e3 Nbd7 8. Bd3 h6 9. Bh4 Nh5 10. Bxe7 Qxe7 11. Nge2 Nb6 12. h3 Bd7 13. g4 Nf6 14. Ng3 g6 15. O-O-O O-O-O 16. Rhe1 Rhe8 17. Kb1 Kb8 18. f3 c5 19. dxc5 Qxc5 20. e4 Qc7 21. Qf2 Bc6 22. Nb5 Bxb5 23. Bxb5 Re6 24. Rc1 Qe7 25. exd5 Rxd5 26. Bf1 Rxe1 27. Rxe1 Qd6 28. Ne2 Nc4 29. Qg3 Nd2+ 30. Kc1 Rc5+ 31. Kd1 Re5 32. Kc2 Nxf1 0-1

[Event "Trois-Rivieres op"]
[Site "Trois-Rivieres CAN"]
[Date "2018.03.17"]
[Round "2.3"]
[White "Lesiege, Alexandre"]
[Black "Zheng, Richard"]
[Result "1-0"]
[WhiteElo "2514"]
[BlackElo "2217"]
[WhiteFideId "-1"]
[WhiteFideId "-1"]
[PlyCount "117"]
[GameId "2160767908241609"]
[EventDate "2018.03.16"]
[EventType "swiss"]
[EventRounds "5"]
[EventCountry "CAN"]
[SourceTitle "EXT 2022"]
[Source "ChessBase"]
[SourceDate "2021.10.06"]
[SourceVersion "1"]
[SourceVersionDate "2021.10.06"]
[SourceQuality "1"]

1. d4 Nf6 2. c4 c5 3. d5 e5 4. Nc3 d6 5. e4 Be7 6. Bd3 O-O 7. Nge2 Ne8 8. O-O g6 9. Bh6 Ng7 10. Qd2 Kh8 11. Ng3 Nd7 12. h3 Nf6 13. f4 Ng8 14. Bxg7+ Kxg7 15. fxe5 dxe5 16. Rf3 Kh8 17. Raf1 f6 18. Be2 Bd6 19. R3f2 b6 20. Nd1 Qe7 21. Ne3 Bd7 22. Bg4 Bxg4 23. Nxg4 Rf7 24. Rf3 Raf8 25. Qc2 Qd7 26. Ne3 Rb8 27. Ne2 Rbf8 28. g4 h6 29. Ng3 Kh7 30. h4 Ne7 31. h5 g5 32. Kg2 Nc8 33. Kh3 Be7 34. a3 Nd6 35. Ngf5 Nxf5 36. Nxf5 Bd6 37. Kg3 Qd8 38. Qa4 Rc7 39. R1f2 Qd7 40. Qd1 Qd8 41. Rd3 Rcf7 42. a4 Rb7 43. Rdf3 Rbf7 44. a5 Qd7 45. axb6 axb6 46. Ra3 Rb8 47. Ra6 Bc7 48. Ra7 Qe8 49. Qa1 b5 50. cxb5 Rxb5 51. Qa4 Qb8 52. d6 Rb3+ 53. Kg2 Rxb2 54. Rxc7 Rxf2+ 55. Kxf2 Rxc7 56. dxc7 Qb2+ 57. Kf3 Qc3+ 58. Ne3 f5 59. Qd7+ 1-0

[Event "Trois-Rivieres op"]
[Site "Trois-Rivieres CAN"]
[Date "2018.03.17"]
[Round "3.3"]
[White "Bolduc, Steve"]
[Black "Lesiege, Alexandre"]
[Result "0-1"]
[WhiteElo "2159"]
[BlackElo "2514"]
[WhiteFideId "-1"]
[WhiteFideId "-1"]
[PlyCount "55"]
[GameId "2160767908249822"]
[EventDate "2018.03.16"]
[EventType "swiss"]
[EventRounds "5"]
[EventCountry "CAN"]
[SourceTitle "EXT 2022"]
[Source "ChessBase"]
[SourceDate "2021.10.06"]
[SourceVersion "1"]
[SourceVersionDate "2021.10.06"]
[SourceQuality "1"]

1. f4 g6 2. Nf3 Bg7 3. g3 Nf6 4. Bg2 O-O 5. O-O d5 6. d3 b6 7. c3 Bb7 8. Na3 Nbd7 9. b4 c5 10. Rb1 Rc8 11. b5 c4 12. d4 Ne4 13. Bb2 Nd6 14. Ba1 Nf6 15. Nc2 Ra8 16. Ne5 Nfe4 17. Nb4 e6 18. g4 f6 19. Nec6 Qd7 20. g5 fxg5 21. Ne5 Qe7 22. e3 gxf4 23. exf4 Qh4 24. Qg4 Qxg4 25. Nxg4 Nd2 26. Rbe1 Nxf1 27. Bxf1 Rxf4 28. Nh6+ 0-1

[Event "Trois-Rivieres op"]
[Site "Trois-Rivieres CAN"]
[Date "2018.03.18"]
[Round "4.2"]
[White "Lesiege, Alexandre"]
[Black "Sambuev, Bator"]
[Result "1-0"]
[WhiteElo "2514"]
[BlackElo "2518"]
[WhiteFideId "-1"]
[WhiteFideId "-1"]
[PlyCount "77"]
[GameId "2160767908249842"]
[EventDate "2018.03.16"]
[EventType "swiss"]
[EventRounds "5"]
[EventCountry "CAN"]
[SourceTitle "EXT 2022"]
[Source "ChessBase"]
[SourceDate "2021.10.06"]
[SourceVersion "1"]
[SourceVersionDate "2021.10.06"]
[SourceQuality "1"]

1. d4 d6 2. Nf3 g6 3. g3 f5 4. Bg2 Nf6 5. O-O Bg7 6. b3 O-O 7. Bb2 Qe8 8. c4 h6 9. Nc3 g5 10. d5 c5 11. e3 Na6 12. Qe2 Nc7 13. a4 a6 14. a5 e5 15. dxe6 Bxe6 16. Rad1 Qe7 17. Rfe1 Rf7 18. Qd3 Rd8 19. Ne5 Ne4 20. Nxf7 Bxf7 21. Qe2 Bh5 22. f3 Nxc3 23. Bxc3 Rf8 24. Bxg7 Kxg7 25. Qb2+ Kg8 26. e4 fxe4 27. Rxe4 Qd8 28. b4 cxb4 29. Qxb4 Ne8 30. c5 d5 31. Re6 Kg7 32. Qxb7+ Nc7 33. Rde1 Rf7 34. Qb2+ Kh7 35. Qe2 Kg7 36. Rd6 Rd7 37. Qb2+ Kh7 38. Rxd7+ Qxd7 39. Qf6 1-0

[Event "Montreal op"]
[Site "Montreal CAN"]
[Date "2017.09.08"]
[Round "1.1"]
[White "Saha, Ananda"]
[Black "Lesiege, Alexandre"]
[Result "0-1"]
[WhiteElo "2116"]
[BlackElo "2563"]
[WhiteFideId "-1"]
[WhiteFideId "-1"]
[PlyCount "72"]
[GameId "2160767908338715"]
[EventDate "2017.09.08"]
[EventType "swiss"]
[EventRounds "5"]
[EventCountry "CAN"]
[SourceTitle "hb 2017"]

1. d4 Nf6 2. Nf3 d5 3. c3 g6 4. g3 Bg7 5. Bg2 O-O 6. O-O b6 7. Nbd2 Bb7 8. Re1 Nbd7 9. e4 dxe4 10. Ng5 c5 11. Ngxe4 Nxe4 12. Nxe4 cxd4 13. cxd4 Bd5 14. Be3 Nf6 15. f3 Qd7 16. Qd2 Rfd8 17. Nc3 Bc6 18. Rad1 Qb7 19. Qe2 e6 20. Bf4 Nd5 21. Be5 f6 22. Bf4 Nxf4 23. gxf4 Re8 24. Qc4 b5 25. Qb3 Qf7 26. d5 exd5 27. Rxe8+ Rxe8 28. Nxd5 f5 29. Nb4 Qxb3 30. axb3 Bb7 31. Nd3 Bd4+ 32. Kf1 b4 33. Nxb4 Bc5 34. Rd7 Bc8 35. Nd3 Bb6 36. Rd5 Ba6 0-1

[Event "Montreal op"]
[Site "Montreal CAN"]
[Date "2017.09.09"]
[Round "2.1"]
[White "Lesiege, Alexandre"]
[Black "Lopez Linares, Lizandro"]
[Result "1-0"]
[WhiteElo "2563"]
[BlackElo "2199"]
[WhiteFideId "-1"]
[WhiteFideId "-1"]
[PlyCount "41"]
[GameId "2160767908338734"]
[EventDate "2017.09.08"]
[EventType "swiss"]
[EventRounds "5"]
[EventCountry "CAN"]
[SourceTitle "hb 2017"]

1. Nf3 d5 2. d4 Nf6 3. c4 c6 4. Nc3 dxc4 5. a4 Bf5 6. e3 e6 7. Bxc4 Bb4 8. O-O O-O 9. Qe2 Bg4 10. h3 Bxf3 11. Qxf3 Re8 12. Rd1 Nbd7 13. e4 e5 14. d5 Qe7 15. Bg5 a5 16. dxc6 bxc6 17. Ne2 h6 18. Rxd7 Qxd7 19. Bxf6 gxf6 20. Ng3 Kf8 21. Qxf6 1-0

[Event "Montreal op"]
[Site "Montreal CAN"]
[Date "2017.09.09"]
[Round "3.1"]
[White "Rodrigue-Lemieux, Shawn"]
[Black "Lesiege, Alexandre"]
[Result "0-1"]
[WhiteElo "2269"]
[BlackElo "2563"]
[WhiteFideId "-1"]
[WhiteFideId "-1"]
[PlyCount "52"]
[GameId "2160767908338753"]
[EventDate "2017.09.08"]
[EventType "swiss"]
[EventRounds "5"]
[EventCountry "CAN"]
[SourceTitle "hb 2017"]

1. e4 e5 2. Nf3 Nc6 3. Bc4 Bc5 4. c3 Nf6 5. d3 O-O 6. O-O d6 7. Bb3 a6 8. Re1 Ba7 9. h3 h6 10. Nbd2 Nh5 11. Nf1 Qf6 12. Ne3 Nf4 13. Kh2 Bd7 14. Nd5 Nxd5 15. exd5 Ne7 16. d4 exd4 17. Nxd4 Rae8 18. Be3 Nxd5 19. Bxh6 gxh6 20. Bxd5 Rxe1 21. Qxe1 Re8 22. Qh1 Qf4+ 23. Kg1 Qd2 24. Bb3 Qxb2 25. Rf1 Qxc3 26. Nf3 Bb5 0-1

[Event "Montreal op"]
[Site "Montreal CAN"]
[Date "2017.09.10"]
[Round "4.1"]
[White "Lesiege, Alexandre"]
[Black "Yu, Zong Yang"]
[Result "1/2-1/2"]
[WhiteElo "2563"]
[BlackElo "2444"]
[WhiteFideId "-1"]
[WhiteFideId "-1"]
[PlyCount "36"]
[GameId "2160767908338775"]
[EventDate "2017.09.08"]
[EventType "swiss"]
[EventRounds "5"]
[EventCountry "CAN"]
[SourceTitle "hb 2017"]

1. Nf3 Nf6 2. c4 e6 3. Nc3 b6 4. g3 Bb7 5. Bg2 Be7 6. d4 Ne4 7. Bd2 f5 8. O-O O-O 9. d5 Na6 10. Rc1 Bf6 11. a3 c5 12. Qb3 Nc7 13. Rfd1 exd5 14. Nxd5 Nxd5 15. cxd5 d6 16. Bc3 Qd7 17. Bxf6 Rxf6 18. e3 Ba6 1/2-1/2

[Event "Montreal op"]
[Site "Montreal CAN"]
[Date "2017.09.10"]
[Round "5.1"]
[White "Pace, Christopher"]
[Black "Lesiege, Alexandre"]
[Result "0-1"]
[WhiteElo "2186"]
[BlackElo "2563"]
[WhiteFideId "-1"]
[WhiteFideId "-1"]
[PlyCount "68"]
[GameId "2160767908346986"]
[EventDate "2017.09.08"]
[EventType "swiss"]
[EventRounds "5"]
[EventCountry "CAN"]
[SourceTitle "hb 2017"]

1. e4 e5 2. Nf3 Nc6 3. Bb5 a6 4. Bxc6 dxc6 5. O-O Bg4 6. h3 h5 7. d3 Qf6 8. Nbd2 g5 9. Nc4 Bxf3 10. Qxf3 Qxf3 11. gxf3 f6 12. h4 gxh4 13. Kh2 Bh6 14. Rg1 Kf7 15. Bxh6 Rxh6 16. Ne3 Ne7 17. Kh3 Rg8 18. Kxh4 Ng6+ 19. Kh3 Nf4+ 20. Kh2 Rhg6 21. Rg3 Ne2 22. Nf5 Nxg3 23. fxg3 h4 24. g4 Rh8 25. a4 a5 26. Ra3 Rgg8 27. Rb3 Rb8 28. Rc3 Kg6 29. f4 exf4 30. Nd4 h3 31. Nf3 b5 32. b3 bxa4 33. bxa4 Rb1 34. Rxc6 Rf1 0-1

[Event "Quebec op"]
[Site "Ste-Foy CAN"]
[Date "2017.08.13"]
[Round "2.3"]
[White "Gras, Guillaume"]
[Black "Lesiege, Alexandre"]
[Result "0-1"]
[WhiteElo "2061"]
[BlackElo "2517"]
[WhiteFideId "-1"]
[WhiteFideId "-1"]
[PlyCount "70"]
[GameId "2160767908347200"]
[EventDate "2017.08.12"]
[EventType "swiss"]
[EventRounds "9"]
[EventCountry "CAN"]

1. e4 g6 2. d4 Bg7 3. Nc3 d6 4. Be2 a6 5. a4 Nf6 6. Be3 O-O 7. b3 e6 8. Qd2 b6 9. Bg5 Bb7 10. Bd3 Nbd7 11. Nf3 c5 12. O-O Qc7 13. dxc5 Qxc5 14. Bh6 Qb4 15. Bxg7 Kxg7 16. Nd1 a5 17. c3 Qc5 18. Re1 Rfd8 19. Qc2 d5 20. e5 Ne4 21. Ne3 Qc7 22. Nc4 Nxf2 23. Qxf2 dxc4 24. Be4 Nc5 25. Bxb7 Qxb7 26. Qh4 Qd5 27. Ng5 h6 28. Nxf7 Kxf7 29. Qxh6 Ke8 30. Qxg6+ Kd7 31. Rad1 Nd3 32. Re4 Rg8 33. Qh7+ Kc6 34. Rd2 Rh8 35. Qg6 Rag8 0-1

[Event "Quebec op"]
[Site "Ste-Foy CAN"]
[Date "2017.08.13"]
[Round "3"]
[White "Lesiege, Alexandre"]
[Black "Berube, Antoine"]
[Result "1/2-1/2"]
[WhiteElo "2517"]
[BlackElo "2121"]
[WhiteFideId "-1"]
[WhiteFideId "-1"]
[PlyCount "91"]
[GameId "2160767908347216"]
[EventDate "2017.08.12"]
[EventType "swiss"]
[EventRounds "9"]
[EventCountry "CAN"]
[SourceTitle "CBM 180 Extra"]
[Source "ChessBase"]
[SourceDate "2017.10.06"]
[SourceVersion "1"]
[SourceVersionDate "2017.10.06"]
[SourceQuality "1"]

1. d4 d5 2. c4 c6 3. Nf3 Nf6 4. e3 Bf5 5. Nc3 e6 6. Nh4 Be4 7. f3 Bg6 8. Qb3 Qc7 9. Bd2 Nbd7 10. cxd5 exd5 11. e4 dxe4 12. Nxg6 hxg6 13. fxe4 Qb6 14. e5 Qxb3 15. axb3 Ng4 16. Be2 Nh6 17. g4 f6 18. e6 Nb6 19. d5 Nxd5 20. Nxd5 cxd5 21. Bf3 Bc5 22. Ra5 b6 23. Ra4 Ke7 24. b4 b5 25. Ra5 Bb6 26. Rxb5 Rad8 27. Kd1 d4 28. h3 Rc8 29. Re1 Rhd8 30. Rd5 Rxd5 31. Bxd5 g5 32. b5 Bc5 33. Ke2 Kd6 34. Bc4 Ng8 35. Kd3 Ne7 36. h4 Ng6 37. Ke4 Nxh4 38. Ra1 Ng6 39. Be1 Ne5 40. Bg3 Ke7 41. Bxe5 fxe5 42. Kxe5 Bb6 43. b3 Rc5+ 44. Kxd4 Rf5+ 45. Kc3 Rf3+ 46. Kc2 1/2-1/2

[Event "Quebec op"]
[Site "Ste-Foy CAN"]
[Date "2017.08.14"]
[Round "4"]
[White "Hebert, Jean"]
[Black "Lesiege, Alexandre"]
[Result "1/2-1/2"]
[WhiteElo "2370"]
[BlackElo "2517"]
[WhiteFideId "-1"]
[WhiteFideId "-1"]
[PlyCount "43"]
[GameId "2160767908347232"]
[EventDate "2017.08.12"]
[EventType "swiss"]
[EventRounds "9"]
[EventCountry "CAN"]
[SourceTitle "CBM 180 Extra"]
[Source "ChessBase"]
[SourceDate "2017.10.06"]
[SourceVersion "1"]
[SourceVersionDate "2017.10.06"]
[SourceQuality "1"]

1. Nf3 d5 2. d4 Nf6 3. c4 e6 4. cxd5 exd5 5. Nc3 c6 6. Bg5 Be7 7. Qc2 g6 8. e3 Bf5 9. Bd3 Bxd3 10. Qxd3 Nbd7 11. O-O O-O 12. Bf4 Re8 13. h3 Bf8 14. Rac1 Ne4 15. Nd2 Nxd2 16. Qxd2 Nb6 17. b3 Nc8 18. Qd1 Bd6 19. Qg4 Qf6 20. Ne2 a5 21. a4 Qd8 22. Rc2 1/2-1/2

[Event "Quebec op"]
[Site "Ste-Foy CAN"]
[Date "2017.08.15"]
[Round "5"]
[White "Van Hoolandt, Patrick"]
[Black "Lesiege, Alexandre"]
[Result "0-1"]
[WhiteElo "2110"]
[BlackElo "2517"]
[WhiteFideId "-1"]
[WhiteFideId "-1"]
[PlyCount "72"]
[GameId "2160767908347245"]
[EventDate "2017.08.12"]
[EventType "swiss"]
[EventRounds "9"]
[EventCountry "CAN"]
[SourceTitle "CBM 180 Extra"]
[Source "ChessBase"]
[SourceDate "2017.10.06"]
[SourceVersion "1"]
[SourceVersionDate "2017.10.06"]
[SourceQuality "1"]

1. d4 e6 2. c4 b6 3. Nf3 Bb7 4. Nc3 f5 5. g3 Bb4 6. Bd2 Nf6 7. Bg2 O-O 8. O-O d6 9. Qb3 Bxc3 10. Bxc3 Qe7 11. Rac1 Nbd7 12. Bb4 c5 13. Ba3 e5 14. e3 Ne4 15. Qd1 Rae8 16. b3 Nef6 17. d5 e4 18. Ne1 b5 19. Bb2 Nb6 20. Rc2 bxc4 21. bxc4 Ba6 22. Qc1 Qd7 23. Bh3 Qa4 24. Bxf5 Nfxd5 25. Bh3 Bxc4 26. Ba1 Rf7 27. Qb2 Qb5 28. Qa3 Nb4 29. Rxc4 Nxc4 30. Qb3 Nd2 31. Qb2 Qe2 32. a3 Nd3 33. Nxd3 exd3 34. Qb5 Ref8 35. Qb2 Nxf1 36. Bxf1 Qxb2 0-1

[Event "Quebec op"]
[Site "Ste-Foy CAN"]
[Date "2017.08.16"]
[Round "6"]
[White "Lesiege, Alexandre"]
[Black "Mikhalevski, Victor"]
[Result "1/2-1/2"]
[WhiteElo "2517"]
[BlackElo "2533"]
[WhiteFideId "-1"]
[WhiteFideId "-1"]
[PlyCount "76"]
[GameId "2160767908347265"]
[EventDate "2017.08.12"]
[EventType "swiss"]
[EventRounds "9"]
[EventCountry "CAN"]
[SourceTitle "CBM 180 Extra"]
[Source "ChessBase"]
[SourceDate "2017.10.06"]
[SourceVersion "1"]
[SourceVersionDate "2017.10.06"]
[SourceQuality "1"]

1. Nf3 Nf6 2. c4 g6 3. Nc3 d5 4. cxd5 Nxd5 5. Qb3 Nb6 6. d4 Bg7 7. Bf4 Be6 8. Qa3 O-O 9. e4 c6 10. h4 h6 11. O-O-O N8d7 12. Kb1 Bg4 13. Be2 Qe8 14. e5 Nd5 15. Nxd5 cxd5 16. Qe3 h5 17. Ng5 Bf5+ 18. Bd3 e6 19. Bxf5 exf5 20. e6 fxe6 21. Nxe6 Rf7 22. Nc7 Qxe3 23. fxe3 Rd8 24. Nxd5 Nf8 25. Nb4 Nd7 26. Nd3 Nb6 27. Bg5 Re8 28. Rhe1 Kh7 29. Rc1 Nd5 30. Nf4 Nxe3 31. Nd5 f4 32. Nxf4 Rd7 33. Rc3 Bxd4 34. Rd3 Re5 35. Bf6 Re4 36. Rxd4 Rexd4 37. Bxd4 Rxd4 38. Rxe3 Rxf4 1/2-1/2